000 00282nam a2200121Ia 4500
008 190216s9999||||xx |||||||||||||| ||und||
100 _aGupta C B
245 0 _aIntroduction To Statistical Methods
260 _bOrient Longman
300 _a712p
650 _aStatistics
942 _cBK
999 _c3912
_d3912